| 000 | 01463namaa2200373 a 4500 | ||
|---|---|---|---|
| 001 | vtls001228012 | ||
| 003 | NLI | ||
| 005 | 20210603173051.0 | ||
| 008 | 120330s1973 dcu i000 0 eng | ||
| 039 | 9 |
_y201203301812 _zVLOAD |
|
| 040 |
_aNLI _cVTLS-2012_FOD _eAACR2 |
||
| 041 | 0 | _aeng | |
| 044 | _adcu | ||
| 082 | 0 | 4 | _a428.4076 |
| 245 | 0 | 0 |
_aData compendium for the NAEP ... reading assessment of the nation and the states / _cprepared by Educational Testing Service under contract with the National Center for Education Statistics |
| 260 |
_aWashington, D.C. : _bOffice of Educational Research and Improvement, U.S. Dept. of Education, _c1973 |
||
| 300 |
_axv, 199 p. ; _c28 cm. |
||
| 440 | 0 | _aNation's report card | |
| 490 | 1 | _aReport | |
| 500 | _aReport 02-R-02 | ||
| 610 | 2 | 0 | _aNational Assessment of Educational Progress (Project) |
| 650 | 0 |
_aReading _xAbility testing _zUnited States _vStatistics |
|
| 650 | 0 |
_aReading _xAbility testing _zUnited States _xStates _vStatistics |
|
| 710 | 2 |
_aEducational Testing Service _93399 |
|
| 710 | 2 |
_aNational Center for Education Statistics. _9619733 |
|
| 710 | 2 |
_aNational Assessment of Educational Progress (Project) _9666961 |
|
| 710 | 1 |
_aUnited States. _bOffice of Educational Research and Improvement _9608291 |
|
| 887 | _a 4/70 | ||
| 901 |
_aAD 51367 _b02.08.1974 |
||
| 902 | _aU.S 428.4076 Us 3 | ||
| 905 | _a4/70 | ||
| 942 |
_2ddc _cBKS |
||
| 949 |
_AVIRTUAITEM _D10000 _X100 _6ADX000051367ENG |
||
| 999 |
_c530516 _d530516 |
||